[Event "ch-IRL 2014"]
[Site "Dublin IRL"]
[Date "2014.07.10"]
[Round "6.5"]
[White "Wallace, Paul"]
[Black "O'Cinneide, Mel"]
[Result "1-0"]
[WhiteElo "2170"]
[BlackElo "2227"]
[WhiteFideId "2500892"]
[BlackFideId "2500620"]
[EventDate "2014.07.05"]
[EventType "swiss"]

1. e4 e6 2. d4 d5 3. Nd2 Be7 4. Ngf3 Nf6 5. Bd3 c5 6. dxc5 dxe4 7. Nxe4 Nxe4 8.
Bxe4 Qxd1+ 9. Kxd1 Bxc5 10. Be3 Bxe3 11. fxe3 Nd7 12. Nd4 Ke7 13. g3 Nc5 14. Bg2
e5 15. Nb3 Nxb3 16. axb3 a5 17. Kc1 Rd8 18. b4 a4 19. Ra3 Bd7 20. Rd1 Bg4 21.
Rd2 Rxd2 22. Kxd2 Rd8+ 23. Rd3 Rxd3+ 24. Kxd3 b5 25. c4 Bd7 26. Bb7 Kd6 27. c5+
Kc7 28. Bd5 Bf5+ 29. Be4 Bxe4+ 30. Kxe4 f6 31. Kd5 Kd7 32. g4 1-0

[Event "ch-IRL 2014"]
[Site "Dublin IRL"]
[Date "2014.07.10"]
[Round "6.6"]
[White "O'Donnell, Conor"]
[Black "Murray, David"]
[Result "1/2-1/2"]
[WhiteElo "2122"]
[BlackElo "2141"]
[WhiteFideId "2504243"]
[BlackFideId "2501511"]
[EventDate "2014.07.05"]
[EventType "swiss"]

1. e4 c5 2. Nf3 d6 3. d4 cxd4 4. Nxd4 Nf6 5. Nc3 Nc6 6. Bg5 e6 7. Qd2 a6 8.
O-O-O h6 9. Be3 Bd7 10. f3 b5 11. Nxc6 Bxc6 12. Ne2 Qc7 13. Nd4 Bb7 14. Bd3 e5
15. Nf5 Rc8 16. Kb1 g6 17. Nxh6 d5 18. exd5 Nxd5 19. Ng4 Bg7 20. Be4 Nxe3 21.
Nxe3 Bxe4 22. fxe4 Bh6 23. Nd5 Bxd2 24. Nxc7+ Rxc7 25. Rxd2 Rh4 26. Re2 Rc4 27.
Kc1 1/2-1/2

[Event "ch-IRL 2014"]
[Site "Dublin IRL"]
[Date "2014.07.10"]
[Round "6.7"]
[White "O'Connor, Jonathan"]
[Black "Freeman, Gordon"]
[Result "1-0"]
[WhiteElo "2150"]
[BlackElo "2077"]
[WhiteFideId "2501112"]
[BlackFideId "2501309"]
[EventDate "2014.07.05"]
[EventType "swiss"]

1. d4 Nf6 2. Bg5 d5 3. Bxf6 gxf6 4. c4 c6 5. e3 Bf5 6. Nc3 e6 7. cxd5 cxd5 8.
Bd3 Bxd3 9. Qxd3 Nc6 10. Nge2 f5 11. O-O-O Qa5 12. Qb5 Qxb5 13. Nxb5 Kd7 14. Kb1
h5 15. h4 Bh6 16. g3 Rhc8 17. Nc1 Ke7 18. Nd3 a6 19. Nc3 Na5 20. Ne2 Rg8 21. Rc1
Rac8 22. b3 f6 23. Rxc8 Rxc8 24. Rc1 Rxc1+ 25. Kxc1 Kd6 26. Ndf4 e5 27. Nxh5 Nc6
28. Kb1 Ke6 29. f4 e4 30. Nc3 Ne7 31. Na4 Kf7 32. Nc5 Kg6 33. g4 fxg4 34. Ng3
Nc6 35. h5+ Kf7 36. Nf5 Bf8 37. Nxb7 Bb4 38. Kc2 Kg8 39. Kd1 Kh7 40. Ke2 Ne7 41.
Nxe7 Bxe7 42. Nc5 Kh6 43. Nxa6 Kxh5 44. Kf2 Ba3 45. Nc7 Kh4 46. Kg2 g3 47. Nxd5
f5 48. b4 Bc1 49. b5 1-0

[Event "ch-IRL 2014"]
[Site "Dublin IRL"]
[Date "2014.07.10"]
[Round "6.8"]
[White "MacElligott, Gerard"]
[Black "McMahon, Daire"]
[Result "1-0"]
[WhiteTitle "CM"]
[BlackTitle "FM"]
[WhiteElo "2013"]
[BlackElo "2153"]
[WhiteFideId "2500647"]
[BlackFideId "2500477"]
[EventDate "2014.07.05"]
[EventType "swiss"]

1. d4 f5 2. g3 Nf6 3. Bg2 e6 4. Nf3 d5 5. O-O Bd6 6. Nbd2 Nbd7 7. c4 c6 8. Qc2
Ne4 9. Ne1 O-O 10. Nd3 Qf6 11. Nf3 g5 12. Nfe5 Qg7 13. f3 Nef6 14. Bd2 Kh8 15.
Rae1 Rg8 16. e4 f4 17. Nxd7 Nxd7 18. e5 Be7 19. gxf4 dxc4 20. Qxc4 Nb6 21. Qc2
Bd7 22. fxg5 Bxg5 23. Bxg5 Qxg5 24. Nc5 Rg7 25. f4 Qh6 26. Kh1 Rag8 27. Be4 Bc8
28. Nd3 Nd5 29. Bxd5 exd5 30. f5 Qh3 31. Nf4 Qxf5 32. Qxf5 Bxf5 33. Nh5 Rg5 34.
Nf6 R8g7 35. Re3 Be6 36. Ne8 Re7 37. Rf8+ Rg8 38. Rxg8+ Kxg8 39. Rg3+ Kf8 40.
Nf6 b6 41. Rc3 c5 42. dxc5 d4 43. Rd3 bxc5 44. b4 cxb4 45. Rxd4 a5 46. Rd8+ Kg7
47. Ra8 Bxa2 48. Rxa5 Bc4 49. Ne4 Rd7 50. Nd6 Be6 51. Kg2 Rc7 1-0

[Event "ch-IRL 2014"]
[Site "Dublin IRL"]
[Date "2014.07.10"]
[Round "6.9"]
[White "Palmer, Bernard"]
[Black "Cafolla, Peter"]
[Result "1/2-1/2"]
[WhiteElo "2026"]
[BlackElo "1994"]
[WhiteFideId "2500701"]
[BlackFideId "2500884"]
[EventDate "2014.07.05"]
[EventType "swiss"]

1. d4 d5 2. c4 e6 3. Nc3 c5 4. cxd5 exd5 5. Nf3 Nc6 6. g3 Nf6 7. Bg2 Be7 8. O-O
O-O 9. dxc5 Bxc5 10. Bg5 d4 11. Bxf6 Qxf6 12. Ne4 Qe7 13. Nxc5 Qxc5 14. Qd2 Be6
15. Rac1 1/2-1/2

[Event "ch-IRL 2014"]
[Site "Dublin IRL"]
[Date "2014.07.10"]
[Round "6.10"]
[White "O'Connell, Gerard"]
[Black "Harding, Tim D"]
[Result "1/2-1/2"]
[WhiteElo "2132"]
[BlackElo "2126"]
[WhiteFideId "2500493"]
[BlackFideId "2500256"]
[EventDate "2014.07.05"]
[EventType "swiss"]

1. d4 d5 2. c4 e6 3. Nc3 c6 4. e3 Nf6 5. Bd3 g6 6. Nf3 Bg7 7. O-O O-O 8. Bd2
Nbd7 9. b4 Qe7 10. Rc1 e5 11. dxe5 Nxe5 12. Nxe5 Qxe5 13. f4 Qd6 14. c5 Qe7 15.
h3 Bd7 16. Qc2 Rfe8 17. Rce1 Ne4 18. Nxe4 dxe4 19. Bc4 h5 20. Bc3 Be6 21. Bxg7
Bxc4 22. Qxc4 Kxg7 23. f5 f6 24. fxg6 Kxg6 25. Rd1 Rad8 26. a4 Qe5 27. Qc2 Rd5
28. Rxd5 Qxd5 29. Rd1 Qe5 30. Qc4 Re7 31. b5 h4 32. bxc6 bxc6 33. a5 Kh6 34. Rf1
f5 35. Rf4 Qa1+ 36. Kh2 Qe1 37. Qg8 Qg3+ 38. Qxg3 hxg3+ 39. Kxg3 Re5 40. Rf2
Rxc5 41. Ra2 Kg5 42. h4+ Kf6 43. Kf4 Rc1 44. Rf2 Rh1 45. Rc2 Rxh4+ 46. Kg3 Rh7
47. Kf2 Rg7 48. Rxc6+ Ke5 49. Rc8 Ke6 50. a6 Rd7 51. Rc6+ Rd6 52. Rxd6+ Kxd6 53.
g4 fxg4 54. Kg3 Kc5 55. Kxg4 Kb6 56. Kf5 1/2-1/2

[Event "ch-IRL 2014"]
[Site "Dublin IRL"]
[Date "2014.07.10"]
[Round "6.12"]
[White "Fox, Anthony"]
[Black "Killane, Jack"]
[Result "1/2-1/2"]
[WhiteElo "2059"]
[BlackElo "1934"]
[WhiteFideId "2500736"]
[BlackFideId "2500949"]
[EventDate "2014.07.05"]
[EventType "swiss"]

1. e4 e5 2. Nf3 Nc6 3. Bb5 a6 4. Ba4 Nf6 5. O-O Nxe4 6. d4 b5 7. Bb3 d5 8. dxe5
Be6 9. Nbd2 Nc5 10. c3 d4 11. Bxe6 Nxe6 12. cxd4 Ncxd4 13. a4 Be7 14. Ne4 c5 15.
Nxd4 Nxd4 16. Qg4 g6 17. Bh6 Qd7 18. Qxd7+ Kxd7 19. Rfd1 Kc6 20. Kf1 Nb3 21.
axb5+ axb5 22. Rxa8 Rxa8 23. Nc3 Ra1 24. Rxa1 Nxa1 25. Be3 b4 26. Nd1 Kd5 27. f4
Nc2 28. Ke2 c4 29. Kd2 Nd4 30. Bf2 Nb3+ 31. Kc2 Bc5 1/2-1/2

[Event "ch-IRL 2014"]
[Site "Dublin IRL"]
[Date "2014.07.10"]
[Round "6.13"]
[White "Twomey, Pat"]
[Black "O'Rourke, Ray"]
[Result "0-1"]
[WhiteElo "1872"]
[BlackElo "1997"]
[WhiteFideId "2501937"]
[BlackFideId "2501023"]
[EventDate "2014.07.05"]
[EventType "swiss"]

1. c4 Nf6 2. Nc3 g6 3. e4 e5 4. f4 d6 5. Nf3 Bg4 6. Be2 Bxf3 7. Bxf3 Nc6 8. d3
h6 9. O-O Bg7 10. Be3 O-O 11. Qd2 Kh7 12. Qf2 exf4 13. Bxf4 Nd7 14. Be3 f5 15.
Qd2 Nd4 16. Ne2 Nxe2+ 17. Bxe2 fxe4 18. Rxf8 Qxf8 19. Rf1 Qe7 20. dxe4 Nf6 21.
Bd3 Ng4 22. Bf4 Rf8 23. Rf3 Bd4+ 24. Kf1 c5 25. b3 Kg8 26. Ke2 g5 27. Bg3 Nf6
28. Kd1 Re8 29. e5 dxe5 30. Bg6 Rd8 31. Kc2 e4 32. Rf5 e3 33. Qe2 Ba1 34. Re5
Bxe5 35. Qxe3 Ng4 36. Qe4 Rd4 37. Qe2 Qf6 38. Be4 Bxg3 39. Qxg4 Qf2+ 40. Kb1
Qe1+ 41. Kb2 Qd2+ 42. Ka3 Qc1+ 43. Ka4 Rxc4+ 44. Kb5 Rb4+ 0-1

[Event "ch-IRL 2014"]
[Site "Dublin IRL"]
[Date "2014.07.10"]
[Round "6.14"]
[White "Bourached, Anthony"]
[Black "Loughran, John"]
[Result "1-0"]
[WhiteElo "1965"]
[BlackElo "1872"]
[WhiteFideId "2504456"]
[BlackFideId "2501562"]
[EventDate "2014.07.05"]
[EventType "swiss"]

1. d4 Nf6 2. c4 g6 3. Nc3 Bg7 4. e4 d6 5. h3 O-O 6. Bg5 c5 7. d5 Na6 8. Bd3 Nd7
9. Nf3 Nb4 10. Bb1 Ne5 11. Nxe5 Bxe5 12. Qe2 Bg7 13. O-O Bd7 14. f4 f6 15. Bh4
Rf7 16. f5 Na6 17. Bg3 Bh6 18. Bh2 Nc7 19. Bd3 Kh8 20. a3 Qg8 21. b4 b6 22. bxc5
bxc5 23. Rab1 Bc8 24. Qf3 Na6 25. fxg6 hxg6 26. e5 dxe5 27. Bxe5 Bf5 28. Bg3
Bxd3 29. Qxd3 f5 30. Rfe1 Bg7 31. Re6 Bd4+ 32. Kf1 f4 33. Bf2 Bxf2 34. Kxf2 Rf6
35. Rxe7 Rb6 36. Nb5 Re8 37. Qc3+ 1-0

[Event "ch-IRL 2014"]
[Site "Dublin IRL"]
[Date "2014.07.11"]
[Round "7.1"]
[White "Wallace, Paul"]
[Black "Collins, Sam E."]
[Result "1/2-1/2"]
[BlackTitle "IM"]
[WhiteElo "2170"]
[BlackElo "2488"]
[WhiteFideId "2500892"]
[BlackFideId "2501198"]
[EventDate "2014.07.05"]
[EventType "swiss"]

1. e4 d6 2. d4 Nf6 3. Nc3 c6 4. f4 Qa5 5. e5 Ne4 6. Bd2 Nxd2 7. Qxd2 Bf5 8. Nf3
e6 9. Nh4 Bg6 10. Nxg6 hxg6 11. Ne4 Qxd2+ 12. Kxd2 d5 13. Ng5 c5 14. c3 Nc6 15.
Ke3 Be7 16. h4 a6 17. g3 Rc8 18. Be2 cxd4+ 19. cxd4 Bd8 20. Rhc1 Bb6 21. Nf3 f6
22. b4 Ke7 23. b5 axb5 24. Bxb5 Nb4 25. Bd3 Nxd3 26. Kxd3 Ba5 27. Rab1 b6 28.
Nd2 Bxd2 29. Kxd2 Rxc1 30. Kxc1 Rc8+ 31. Kd2 Ra8 32. Rxb6 Rxa2+ 33. Ke3 Ra7 34.
Rb8 Kf7 35. Rb6 Re7 36. Kf3 Kg8 37. g4 Kf7 38. h5 fxe5 39. hxg6+ Kxg6 40. dxe5
Kf7 41. Ke3 g6 42. Kd4 Rc7 43. Rb4 Ke7 44. f5 gxf5 45. gxf5 exf5 46. Rb6 Rc1 47.
Rb7+ Ke6 48. Rb6+ Ke7 49. Kxd5 Rd1+ 50. Kc4 f4 51. Rf6 f3 52. Rxf3 1/2-1/2

[Event "ch-IRL 2014"]
[Site "Dublin IRL"]
[Date "2014.07.11"]
[Round "7.2"]
[White "Jessel, Stephen"]
[Black "Fitzsimons, David"]
[Result "1-0"]
[WhiteTitle "FM"]
[BlackTitle "FM"]
[WhiteElo "2321"]
[BlackElo "2351"]
[WhiteFideId "628859"]
[BlackFideId "2501961"]
[EventDate "2014.07.05"]
[EventType "swiss"]

1. Nf3 c5 2. c4 Nc6 3. d4 cxd4 4. Nxd4 e5 5. Nb5 a6 6. Nd6+ Bxd6 7. Qxd6 Qf6 8.
Qd2 Nge7 9. e3 O-O 10. Nc3 Rd8 11. f3 Qh4+ 12. g3 Qh5 13. Bg2 b5 14. c5 d6 15.
cxd6 Nf5 16. g4 Qh4+ 17. Qf2 Qxf2+ 18. Kxf2 Nxd6 19. f4 Bb7 20. Rd1 Rac8 21. Nd5
Kf8 22. Bd2 Ne7 23. Nxe7 Kxe7 24. fxe5 Ne4+ 25. Bxe4 Bxe4 26. Bc3 Ke6 27. a3 Bc2
28. Rxd8 Rxd8 29. Rc1 Bd1 30. h3 Bb3 31. Bd4 Bd5 32. Rc7 g6 33. Kg3 Rd7 34. Rc8
Rb7 35. Rd8 Rd7 36. Rc8 Rb7 37. Rd8 Rd7 38. Rh8 Rc7 39. Rxh7 Rc2 40. Kf4 Rf2+
41. Kg5 a5 42. e4 1-0

[Event "ch-IRL 2014"]
[Site "Dublin IRL"]
[Date "2014.07.11"]
[Round "7.3"]
[White "Daly, Colm"]
[Black "Redmond, John P."]
[Result "1-0"]
[WhiteTitle "FM"]
[WhiteElo "2333"]
[BlackElo "2259"]
[WhiteFideId "2500434"]
[BlackFideId "2500051"]
[EventDate "2014.07.05"]
[EventType "swiss"]

1. g3 c5 2. Bg2 Nc6 3. Nc3 g6 4. d3 Bg7 5. e4 e5 6. f4 d6 7. Nh3 Nge7 8. O-O O-O
9. f5 f6 10. g4 Rb8 11. a4 a6 12. Nf2 b5 13. axb5 axb5 14. Ne2 Bd7 15. c3 Qc7
16. d4 c4 17. b4 Ra8 18. Be3 Rxa1 19. Qxa1 Qb7 20. Rd1 Ra8 21. Qc1 Ra2 22. Ng3
Qa8 23. dxe5 dxe5 24. Bf1 Be8 25. Bc5 Nc8 26. Qe3 Qa4 27. Rd2 Ra1 28. Kg2 Qa3
29. Rd1 Rxd1 30. Nxd1 Qa2+ 31. Nf2 Qc2 32. h4 Bd7 33. Be2 Kf7 34. fxg6+ hxg6 35.
h5 g5 36. Nf5 Bxf5 37. exf5 Bf8 38. Bf3 N6e7 39. Bb7 Qb1 40. Qd2 1-0

[Event "ch-IRL 2014"]
[Site "Dublin IRL"]
[Date "2014.07.11"]
[Round "7.4"]
[White "Murray, David"]
[Black "Brady, Stephen"]
[Result "1/2-1/2"]
[BlackTitle "FM"]
[WhiteElo "2141"]
[BlackElo "2338"]
[WhiteFideId "2501511"]
[BlackFideId "2500124"]
[EventDate "2014.07.05"]
[EventType "swiss"]

1. e4 e6 2. d4 d5 3. Nc3 Bb4 4. e5 Ne7 5. a3 Bxc3+ 6. bxc3 c5 7. Qg4 cxd4 8.
Qxg7 Rg8 9. Qxh7 Qc7 10. Ne2 dxc3 11. f4 Nbc6 12. Qd3 d4 13. Nxd4 Nxd4 14. Qxd4
Bd7 15. a4 Nf5 16. Qf2 Qc6 17. Rg1 O-O-O 18. Bd3 Qd5 19. Qxa7 Nh4 20. Ra3 Nxg2+
21. Rxg2 Qxg2 22. Rxc3+ Bc6 23. Be3 Qh1+ 24. Ke2 Rg2+ 25. Bf2 Rxh2 26. Qe3 Rg8
27. Be4 Rxf2+ 28. Kxf2 Qg1+ 29. Ke2 Qxe3+ 30. Rxe3 Bxa4 31. Ra3 Bb5+ 32. Kf2 Kc7
33. Rg3 Rxg3 34. Kxg3 Bc6 35. Bh7 Kd7 36. Kh4 Ke7 37. Kg5 b6 38. Bd3 Bb7 39. Bh7
Bc6 40. Bd3 Bb7 41. Kh4 f6 42. Kg3 fxe5 43. fxe5 Bc6 44. Kf4 Bg2 45. Ke3 Kd7 46.
Kd4 Bh3 47. Bb5+ Kc7 48. c3 Bg4 49. Ba4 1/2-1/2

[Event "ch-IRL 2014"]
[Site "Dublin IRL"]
[Date "2014.07.11"]
[Round "7.5"]
[White "Short, Philip M"]
[Black "O'Donnell, Conor"]
[Result "1-0"]
[WhiteTitle "FM"]
[WhiteElo "2274"]
[BlackElo "2122"]
[WhiteFideId "2500086"]
[BlackFideId "2504243"]
[EventDate "2014.07.05"]
[EventType "swiss"]

1. Nf3 Nf6 2. d4 c5 3. d5 b5 4. Bg5 Qb6 5. c4 bxc4 6. Nc3 Qxb2 7. Bd2 Qb6 8. e4
d6 9. Bxc4 Nbd7 10. Rb1 Qd8 11. Qa4 a6 12. e5 dxe5 13. Nxe5 g6 14. d6 e6 15. Qc6
Bg7 16. Nxf7 Kxf7 17. Qxa8 Nb6 18. Qa7+ Nfd7 19. Bxa6 Bxa6 20. Qxa6 Be5 21. Ne4
c4 22. Ng5+ Kf6 23. O-O h6 24. Ne4+ Kf7 25. Bc3 Nd5 26. Bxe5 Nxe5 27. Rb7+ Ke8
28. Qb5+ Nd7 29. Nc5 Nf6 30. Qxc4 1-0

[Event "ch-IRL 2014"]
[Site "Dublin IRL"]
[Date "2014.07.11"]
[Round "7.6"]
[White "MacElligott, Gerard"]
[Black "O'Connor, Jonathan"]
[Result "1/2-1/2"]
[WhiteTitle "CM"]
[WhiteElo "2013"]
[BlackElo "2150"]
[WhiteFideId "2500647"]
[BlackFideId "2501112"]
[EventDate "2014.07.05"]
[EventType "swiss"]

1. d4 Nf6 2. c4 g6 3. Nc3 Bg7 4. e4 d6 5. Nf3 O-O 6. Be2 e5 7. dxe5 dxe5 8. Qxd8
Rxd8 9. Bg5 Re8 10. O-O-O c6 11. Nxe5 Na6 12. Rd6 Nxe4 13. Nxe4 Bxe5 14. Nf6+
Bxf6 15. Bxf6 Bf5 16. Rd2 Nc5 17. f3 Re6 18. Bd4 Rae8 19. Bxc5 Rxe2 20. Bxa7 1/2-1/2

[Event "ch-IRL 2014"]
[Site "Dublin IRL"]
[Date "2014.07.11"]
[Round "7.7"]
[White "Freeman, Gordon"]
[Black "Butler, Kevin"]
[Result "1/2-1/2"]
[WhiteElo "2077"]
[BlackElo "2026"]
[WhiteFideId "2501309"]
[BlackFideId "2501538"]
[EventDate "2014.07.05"]
[EventType "swiss"]

1. c4 Nf6 2. g3 g6 3. Bg2 Bg7 4. Nc3 O-O 5. e4 d6 6. Nge2 e5 7. O-O Be6 8. d3
Qd7 9. f4 c6 10. b3 Na6 11. d4 exd4 12. Nxd4 Bh3 13. Ba3 Bxg2 14. Kxg2 Rfe8 15.
Re1 Rad8 16. Nf3 Ng4 17. Qd2 f5 18. Rad1 fxe4 19. Nxe4 d5 20. cxd5 Qxd5 21.
Qxd5+ cxd5 22. Nd6 Rxe1 23. Rxe1 b6 24. h3 Nf6 25. Ng5 Nc5 26. Nb5 Rd7 27. b4
Nce4 28. Ne6 a6 29. Nbd4 Nc3 30. Bb2 Nfe4 31. Nxg7 Kxg7 32. a3 Kf7 33. Bxc3 Nxc3
34. Re6 Nb5 35. Rxb6 Nxd4 36. Rxa6 Nc2 37. b5 d4 38. b6 d3 39. Ra7 Rxa7 40. bxa7 1/2-1/2

[Event "ch-IRL 2014"]
[Site "Dublin IRL"]
[Date "2014.07.11"]
[Round "7.8"]
[White "Cafolla, Peter"]
[Black "Benson, Oisin P."]
[Result "1/2-1/2"]
[WhiteElo "1994"]
[BlackElo "2040"]
[WhiteFideId "2500884"]
[BlackFideId "2501821"]
[EventDate "2014.07.05"]
[EventType "swiss"]

1. d4 Nf6 2. c4 g6 3. Nc3 Bg7 4. e4 d6 5. Be2 O-O 6. Nf3 e5 7. d5 a5 8. Bg5 h6
9. Bh4 Na6 10. Nd2 Qe8 11. O-O Bd7 12. b3 Nh7 13. f3 h5 14. Kh1 Bh6 15. Rb1 Be3
16. a3 g5 17. Bf2 Bxf2 18. Rxf2 h4 19. Bd3 Nf6 20. g3 hxg3 21. hxg3 Nh5 22. Nf1
Kg7 23. Rh2 f6 24. f4 Rh8 25. f5 Qf7 26. Be2 Be8 27. Rb2 Nc5 28. Bg4 Kg8 29. Rh3
Ng7 30. Rxh8+ Kxh8 31. Rh2+ Kg8 32. Qc2 Rd8 33. Rh3 Kf8 34. Bd1 Ke7 35. Qh2 Bd7
36. Ne3 Rf8 37. Rh7 Kd8 38. Qh6 Rg8 39. Ng4 Ke7 40. Qh2 Qf8 1/2-1/2

[Event "ch-IRL 2014"]
[Site "Dublin IRL"]
[Date "2014.07.11"]
[Round "7.9"]
[White "O'Cinneide, Mel"]
[Black "O'Connell, Gerard"]
[Result "1-0"]
[WhiteElo "2227"]
[BlackElo "2132"]
[WhiteFideId "2500620"]
[BlackFideId "2500493"]
[EventDate "2014.07.05"]
[EventType "swiss"]

1. Nf3 Nf6 2. c4 g6 3. Nc3 d5 4. cxd5 Nxd5 5. Qa4+ Bd7 6. Qh4 e6 7. Nxd5 exd5 8.
Qd4 f6 9. Qxd5 Nc6 10. e3 Qe7 11. Qb3 O-O-O 12. Be2 g5 13. h3 h5 14. d4 Be6 15.
Bc4 Bf5 16. Bd2 Be4 17. O-O-O Rh7 18. Bc3 Kb8 19. Ba6 b6 20. Bd3 Bxd3 21. Rxd3
Qe4 22. Rdd1 g4 23. hxg4 hxg4 24. Rxh7 Qxh7 25. d5 Ne7 26. Nd4 1-0

[Event "ch-IRL 2014"]
[Site "Dublin IRL"]
[Date "2014.07.11"]
[Round "7.10"]
[White "McMahon, Daire"]
[Black "Reynolds, Pat"]
[Result "1-0"]
[WhiteTitle "FM"]
[WhiteElo "2153"]
[BlackElo "1990"]
[WhiteFideId "2500477"]
[BlackFideId "2501392"]
[EventDate "2014.07.05"]
[EventType "swiss"]

1. d4 Nf6 2. c4 c5 3. d5 b5 4. cxb5 e6 5. Nc3 exd5 6. Nxd5 Bb7 7. e4 Nxe4 8. Bc4
Nd6 9. Bf4 Be7 10. Be2 Nf5 11. Nc7+ Kf8 12. Nxa8 Bxa8 13. Nf3 d5 14. O-O Nd7 15.
Qc2 g6 16. Bd3 Ng7 17. Ne5 Nxe5 18. Bxe5 f6 19. Bg3 Ne6 20. Rfe1 Nd4 21. Qd2 Kg7
22. Rac1 h5 23. h4 Bb7 24. Qe3 Bf8 25. b4 Qb6 26. Qe8 Nf5 27. Qd7+ 1-0

[Event "ch-IRL 2014"]
[Site "Dublin IRL"]
[Date "2014.07.11"]
[Round "7.11"]
[White "Harding, Tim D"]
[Black "Bourached, Anthony"]
[Result "1/2-1/2"]
[WhiteElo "2126"]
[BlackElo "1965"]
[WhiteFideId "2500256"]
[BlackFideId "2504456"]
[EventDate "2014.07.05"]
[EventType "swiss"]

1. d4 Nf6 2. Nf3 e6 3. g3 Be7 4. Bg2 O-O 5. c4 c5 6. d5 d6 7. Nc3 exd5 8. Nxd5
Nxd5 9. Qxd5 Nc6 10. O-O Be6 11. Qe4 d5 12. cxd5 Bxd5 13. Qa4 Qa5 14. Qxa5 Nxa5
15. Bd2 Nc6 1/2-1/2

[Event "ch-IRL 2014"]
[Site "Dublin IRL"]
[Date "2014.07.11"]
[Round "7.12"]
[White "O'Rourke, Ray"]
[Black "Palmer, Bernard"]
[Result "0-1"]
[WhiteElo "1997"]
[BlackElo "2026"]
[WhiteFideId "2501023"]
[BlackFideId "2500701"]
[EventDate "2014.07.05"]
[EventType "swiss"]

1. e4 e6 2. d4 d5 3. Nd2 Be7 4. Ngf3 Nf6 5. e5 Nfd7 6. Bd3 c5 7. c3 Nc6 8. O-O
g5 9. g4 Qb6 10. dxc5 Nxc5 11. Bc2 Qc7 12. Re1 Nd7 13. Ba4 Nf8 14. Nd4 Bd7 15.
N2f3 Ng6 16. Nb5 Qd8 17. Nd6+ Bxd6 18. exd6 h6 19. Qxd5 Kf8 20. Qd1 Qf6 21. Bc2
e5 22. Bxg6 fxg6 23. h3 Re8 24. Be3 Rh7 25. Bc5 b6 26. Ba3 Rf7 27. Kg2 e4 28.
Ng1 Qxf2+ 29. Kh1 Qg3 30. Rf1 Rf4 31. Qe1 Qd3 32. Rxf4+ gxf4 33. Rd1 Qc4 34. Qh4
Kg7 35. b3 Qa6 36. Bc1 g5 37. Qe1 Qxa2 38. c4 Qxb3 39. Qe2 f3 40. Bb2+ Kh7 41.
Qh2 Qxd1 42. h4 Re6 43. hxg5 Qxd6 0-1

[Event "ch-IRL 2014"]
[Site "Dublin IRL"]
[Date "2014.07.11"]
[Round "7.14"]
[White "Loughran, John"]
[Black "Twomey, Pat"]
[Result "1/2-1/2"]
[WhiteElo "1872"]
[BlackElo "1872"]
[WhiteFideId "2501562"]
[BlackFideId "2501937"]
[EventDate "2014.07.05"]
[EventType "swiss"]

1. e4 c5 2. Nf3 Nc6 3. d4 cxd4 4. Nxd4 g6 5. c4 Bg7 6. Be3 Nf6 7. Nc3 d6 8. Be2
O-O 9. O-O Bd7 10. f3 Nxd4 11. Bxd4 Bc6 12. Qd2 Nd7 13. Bf2 a5 14. Rfd1 Nc5 15.
Rac1 b6 16. b3 Qc7 17. Nd5 Bxd5 18. cxd5 Qd7 19. Rc2 f5 20. Bd3 fxe4 21. Bxe4
Be5 22. Qe2 Rac8 23. Bd3 Nxd3 24. Qxd3 Rxc2 25. Qxc2 Rc8 26. Qd3 b5 27. Bd4
Bxd4+ 28. Qxd4 Rc2 29. Rd2 Qc7 30. h3 Qc5 31. Qxc5 Rxc5 32. Kf2 Rc3 33. Kg3 Kf7
34. h4 e5 35. dxe6+ Kxe6 36. Kf4 Rc5 37. g4 h6 38. Re2+ Kd7 39. Rd2 b4 40. Ke4
Ke6 41. f4 d5+ 42. Kd4 Kd6 43. Re2 Rc1 44. f5 gxf5 45. gxf5 Rd1+ 46. Ke3 Rf1 47.
Rg2 Ke5 48. Rg6 d4+ 49. Ke2 Rxf5 50. Rxh6 Ke4 51. Re6+ Kd5 52. Ra6 Ke4 53. Re6+
Kd5 54. Rg6 Rf4 55. h5 Rh4 56. Ra6 Rh2+ 57. Kd3 Rh3+ 58. Kd2 Ke4 59. Re6+ Kd5
60. Ra6 Rh2+ 61. Kd3 1/2-1/2

[Event "ch-IRL 2014"]
[Site "Dublin IRL"]
[Date "2014.07.12"]
[Round "8.1"]
[White "Daly, Colm"]
[Black "Jessel, Stephen"]
[Result "0-1"]
[WhiteTitle "FM"]
[BlackTitle "FM"]
[WhiteElo "2333"]
[BlackElo "2321"]
[WhiteFideId "2500434"]
[BlackFideId "628859"]
[EventDate "2014.07.05"]
[EventType "swiss"]

1. d4 e6 2. e4 d5 3. Nc3 Nf6 4. e5 Nfd7 5. f4 c5 6. Nf3 Nc6 7. Be3 cxd4 8. Nxd4
Bc5 9. Qd2 O-O 10. O-O-O a6 11. Kb1 Nxd4 12. Bxd4 b5 13. Qe3 Qb6 14. Bxc5 Nxc5
15. Bd3 b4 16. Ne2 a5 17. Qh3 Nxd3 18. Qxd3 Ba6 19. Qd4 Qc7 20. Ng3 Rfc8 21. Rd2
Rab8 22. Re1 Rb6 23. Rc1 Rc6 24. b3 Rc3 25. Ka1 Rb8 26. Kb1 a4 27. Kb2 Qa5 28.
Qa7 Rcc8 29. Ne2 Ra8 30. Qe3 Bxe2 31. Rxe2 Rc3 32. Qd4 axb3 33. a4 Qxa4 0-1

[Event "ch-IRL 2014"]
[Site "Dublin IRL"]
[Date "2014.07.12"]
[Round "8.2"]
[White "Collins, Sam E."]
[Black "Murray, David"]
[Result "1-0"]
[WhiteTitle "IM"]
[WhiteElo "2488"]
[BlackElo "2141"]
[WhiteFideId "2501198"]
[BlackFideId "2501511"]
[EventDate "2014.07.05"]
[EventType "swiss"]

1. e4 c5 2. Nc3 Nc6 3. Bb5 Nd4 4. Bc4 e6 5. Nge2 Ne7 6. O-O Nec6 7. Nxd4 Nxd4 8.
d3 Be7 9. Be3 O-O 10. f4 f5 11. Kh1 Kh8 12. Bb3 b6 13. Bxd4 cxd4 14. Ne2 Bc5 15.
exf5 Rxf5 16. Ng3 Rf6 17. f5 Rh6 18. Qg4 Bb7 19. fxe6 Bd6 20. Rf7 Rg6 21. Qxd4
Bxg3 22. e7 Bxg2+ 23. Kg1 Bxh2+ 24. Kxh2 Qc7+ 25. Qf4 Rh6+ 26. Kxg2 Qc6+ 27. Kf2 1-0

[Event "ch-IRL 2014"]
[Site "Dublin IRL"]
[Date "2014.07.12"]
[Round "8.3"]
[White "Short, Philip M"]
[Black "Wallace, Paul"]
[Result "1-0"]
[WhiteTitle "FM"]
[WhiteElo "2274"]
[BlackElo "2170"]
[WhiteFideId "2500086"]
[BlackFideId "2500892"]
[EventDate "2014.07.05"]
[EventType "swiss"]

1. d4 Nf6 2. c4 g6 3. Nc3 Bg7 4. e4 d6 5. f4 O-O 6. Nf3 c5 7. dxc5 Qa5 8. Bd3
Qxc5 9. Qe2 Bg4 10. Be3 Qa5 11. O-O Nc6 12. Rac1 e5 13. Qf2 exf4 14. Bxf4 Bxf3
15. gxf3 Ne5 16. Be2 Nh5 17. Bd2 f5 18. f4 fxe4 19. Nxe4 Qd8 20. Qg2 Nxf4 21.
Bxf4 Qb6+ 22. Kh1 Qxb2 23. Bxe5 Bxe5 24. Bf3 Qa3 25. Rb1 Rf4 26. Ng5 1-0